000 00648cam a22001814a 4500
005 20250605164401.0
008 250528s ||||||||||||||||||||||||d
035 _a24608
040 _aGR-AtMCL
_bgre
_dGR-AtMCL
_eAACR2
245 1 _aAutonomous Mobility / Is Autonomy the Future of Public Transport?
260 _bIntelligent Transport,
_c2021
300 _a48
520 _aReducing Emissions Through the Use of Alternative Power, Delivering a Seamless and Enjoyable Passenger Experience, Utilising Technology to Enhance Shared Micro-Mobility.
700 1 _aHockley Leah
_99483
942 _cCR
999 _c9477
_d9477